| 000 | 01182 am a2200325ua 4500 | ||
|---|---|---|---|
| 999 |
_c29348 _d29319 |
||
| 001 | 008744722 | ||
| 003 | EG-ScBUE | ||
| 005 | 20210809104802.0 | ||
| 008 | 961111s1996 enka f b 001 0 eng d | ||
| 020 | _a9789774247354 | ||
| 040 |
_aStDuBDS _beng _erda _dUk _cEG-ScBUE _dEG-ScBUE |
||
| 043 | _af-ua--- | ||
| 082 | 0 | 4 |
_a932 _bREE _222 |
| 100 | 1 |
_aReeves, Nicholas, _d1956- _eauthor. |
|
| 245 | 1 | 4 |
_aThe complete Valley of the Kings : _btombs and treasures of Egypt's greatest Pharaohs : 532 illustrations, 76 in color / _cNicholas Reeves, Richard H. Wilkinson. |
| 264 | 1 |
_aLondon : _bThames & Hudson Ltd, _c1996. |
|
| 300 |
_a224 pages : _billustrations (some color) ; _c27 cm |
||
| 336 |
_atext _2rdacontent _btxt |
||
| 337 |
_aunmediated _2rdamedia _bn |
||
| 338 |
_avolume _2rdacarrier _bnc |
||
| 504 | _aIncludes bibliographical references and index. | ||
| 650 | 7 |
_aExcavations (Archaeology) _2BUEsh _917238 |
|
| 651 | 7 |
_aValley of the Kings (Egypt) _2BUEsh |
|
| 651 | 7 |
_aEgypt _xAntiquities. _2BUEsh |
|
| 653 | 1 |
_aAntiquities _bGGEN _cAugust2021 |
|
| 655 |
_vReading book _934232 |
||
| 700 | 1 |
_aWilkinson, Richard H., _eauthor. |
|
| 942 |
_2ddc _cBB |
||